000
00428nam a2200181Ia 4500
008
090124s9999 xx 000 0 und d
082
_b
46162
100
_a
काळे विजया
245
_a
बहर
250
_a
0
260
_c
2007
300
_a
122
600
_a
काळे विजया
630
_a
बहर
700
_a
काळे विजया
730
_a
बहर
942
_c
BOOK
999
_c
112383
_d
112383